Reserva natural de uso multiple; bahia blanca, bahia falsa y bahia verde [folleto] /
Guardado en:
| Autor Principal: | |
|---|---|
| Formato: | Libro |
| Publicado: |
La Plata :
Direcci¢n Provincial de Recursos Naturales, 0
|
| Materias: | |
| Etiquetas: |
Agregar Etiqueta
Sin Etiquetas, Sea el primero en etiquetar este registro!
|
| LEADER | 00568nam a22001695a 4500 | ||
|---|---|---|---|
| 001 | CEM.cems010413 | ||
| 005 | 20060214000000.0 | ||
| 008 | 130507b######################000#0#####d | ||
| 003 | CEMS | ||
| 082 | 0 | 4 | |a F574.5 |
| 100 | 1 | |a Buenos Aires | |
| 245 | 1 | 0 | |a Reserva natural de uso multiple; bahia blanca, bahia falsa y bahia verde [folleto] / |
| 260 | |a La Plata : |b Direcci¢n Provincial de Recursos Naturales, 0 | ||
| 653 | |a Bahia blanca | ||
| 653 | |a Bahia blanca-ecologia | ||
| 653 | |a Bahia blanca-fauna y flora | ||
| 859 | |a CEMS |b BIB. CEMS - 11 de abril |h F574.5 |i 25-1 |p 1709.44 |t Ej.1 | ||
